Rosco de Pasapalabra #49 - Estadísticas

Estadísticas generales
  • Esta prueba ha sido intentada 284 veces
  • La puntuación promedio es 14 de 25
Estadísticas de respuestas
Inicial Definición Respuesta % Correcto
B Electrodoméstico provisto de un mecanismo giratorio, que sirve para mezclar o triturar alimentos Batidora
97%
M Período de mil años Milenio
94%
E País del Reino Unido con capital en Edimburgo Escocia
92%
I Sigla de Inspección Técnica de Vehículos ITV
91%
F Adverbio que significa "en la parte exterior de algo" Fuera
90%
A Promoción a mayor dignidad o empleo Ascenso
89%
Contiene la Ñ Llamar la atención hacia alguien o algo, designándolo con la mano o de otro modo Señalar
83%
O Mamífero cetáceo carnívoro, de color azul oscuro por el lomo y blanco por el vientre Orca
76%
T Instrumento musical de percusión, de forma cilíndrica y hueco, que se toca con dos palillos Tambor
76%
N Persona que cuida en exceso su aspecto físico o que tiene un alto concepto de sí misma Narcisista
75%
Contiene la Y Abstención total o parcial de comer o beber Ayuno
69%
C Conjunto de hilos entrelazados, generalmente de cáñamo o esparto, que se emplea para atar o sujetar cosas Cuerda
67%
R Pedazo que se corta a lo largo o a lo ancho de un fruto o de algunos otros comestibles, como un melón o una sandía Raja
67%
G Se dice de la persona que abusa de otras haciéndose invitar o no pagando las cosas o servicios que utiliza Gorrón
53%
U Fracción de una fuerza militar bajo las órdenes de un jefe Unidad
53%
Z Poner la zancadilla a alguien Zancadillear
49%
Contiene la X Incapaz de torcerse o de doblarse Inflexible
46%
D Desviación de una nave de su rumbo por efecto del viento, del mar o de la corriente Deriva
45%
J Nombre de la dama de la nobleza que se casó con el Cid Campeador Jimena
39%
H Costura de puntadas largas con que se une lo que después se ha de coser definitivamente Hilván
34%
Contiene la Q Causa, razón, motivo Porqué
33%
P Volcán de Filipinas, en la isla de Luzón, que entró en erupción en 1991 por primera vez en 600 años Pinatubo
7%
L Monja profesa exenta de coro, que sirve a la comunidad en los trabajos caseros Lega
5%
S Plano inferior del saliente de una cornisa o de otro cuerpo voladizo Sofito
3%
V Apellido del cantante al que pertenece el álbum "The Gist of the Gemini" Vanelli
2%
No se encontraron pruebas coincidentes
Distribución de puntuación
Porcentaje de gente con cada puntuación
Porcentaje por número respondido
Historial de tus puntuaciones
No has intentado esta prueba.